| 000 | 00632nam a22001931a 4500 | ||
|---|---|---|---|
| 001 | 1986 | ||
| 003 | OSt | ||
| 005 | 20260204211755.0 | ||
| 008 | 070104s2006||||dr ||||||b||||||||||spa|| | ||
| 020 | _a9993495700 | ||
| 050 | _aRD 378.168 R299s | ||
| 110 | _aRepública Dominicana | ||
| 245 | _aSituación y perspectiva de la evaluación y acreditación de la educación superior como mecanismo para promover la calidad | ||
| 264 | _aSanto Domingo: AOAAC | ||
| 300 | _a60 p | ||
| 650 | _a1.Creditos Educativos - República Dominicana | ||
| 710 | _aAsociaciones Dominicana para el Autoestudio y la AcreditaciónÌ | ||
| 942 |
_2ddc _cBK |
||
| 999 |
_c1986 _d1986 |
||